Statistiques concernant Taylor Swift - Paroles "Slut!"

Cliquez ici pour prendre le quiz!

Statistiques générales

  • Ce quiz a été pris 19 fois
  • Le résultat moyen est 212 sur 299

Statistiques - réponses

HintRéponse% Correct
a
94%
be
94%
I
94%
In
94%
in
94%
slut
94%
as
88%
if
88%
If
88%
is
88%
love
88%
Love
88%
to
88%
all
81%
and
81%
And
81%
call
81%
Pré-refrainGot
81%
it
81%
might
81%
Might
81%
on
81%
The
81%
the
81%
you?
81%
you
81%
You
81%
at
75%
RefrainBut
75%
drunk
75%
Couplet 1Flamingo
75%
for
75%
I'm
75%
know
75%
me
75%
my
75%
over
75%
pink
75%
They
75%
they
75%
think
75%
this
75%
This
75%
We'll
75%
well
75%
bed
69%
Boulevard
69%
dressed
69%
forget
69%
gonna
69%
head
69%
looking
69%
need
69%
never
69%
once
69%
pool
69%
Sunrise
69%
swimming
69%
up
69%
Outro(Up)
69%
us
69%
What
69%
with
69%
Aquamarine
63%
asleep
63%
gentleman
63%
I'll
63%
knows
63%
lovestruck,
63%
nobody
63%
not
63%
of
63%
pay
63%
place
63%
price,
63%
That
63%
time
63%
was
63%
went
63%
worth
63%
you'll
63%
your
63%
You're
63%
you're
63%
Being
56%
do
56%
Everyone
56%
lovesick,
56%
Moonlit
56%
right
56%
straight
56%
world
56%
wrong
56%
young
56%
art
50%
big
50%
boys,
50%
Clink,
50%
clink
50%
crime
50%
face
50%
going
50%
BridgeHalf
50%
he's
50%
him
50%
mistake
50%
pretty
50%
saying
50%
tangerine,
50%
wants
50%
won't
50%
awake
44%
guess
44%
Handprints
44%
It's
44%
light
44%
Lovelorn
44%
neon
44%
Couplet 2Send
44%
sticks
44%
stones
44%
Taking
44%
there
44%
thorns
44%
wet
44%
air
38%
anyway
38%
cement
38%
clothes
38%
luxury
38%
rose
38%
waiting
38%
Adorned
31%
blow
31%
chance
31%
code,
31%
mid
31%
smoke
31%
throw
31%
froze
25%
said
19%

Distribution des résultats

Percentile par nombre de réponses

% des personnes avec chaque résultat

Votre développement - résultats

Vous n’avez pas pris ce quiz